[Event "Lasker Autumn IM"]
[Site "Bucharest ROM"]
[Date "2001.10.13"]
[Round "1"]
[White "Voicu,C"]
[Black "Burnoiu,N1"]
[Result "0-1"]
[WhiteElo "2205"]
[BlackElo "2304"]

1.e4 c5 2.Nf3 d6 3.d4 cxd4 4.Nxd4 Nf6 5.Nc3 a6 6.Be3 e5 7.Nb3 Be6 8.Qd2 Be7
9.f3 Nbd7 10.g4 h6 11.O-O-O b5 12.h4 Nb6 13.Qf2 Nfd7 14.Kb1 Rc8 15.Nd5 Bxd5
16.exd5 Nc4 17.Bc1 Nf6 18.Bh3 Rc7 19.g5 Nh5 20.Bg4 Nf4 21.Bxf4 exf4 22.Qd4 O-O
23.Qxf4 hxg5 24.hxg5 Bxg5 25.Qe4 g6 26.f4 Re8 27.Be6 Qf6 28.Nd4 Bxf4 29.Rhf1 g5
30.Rxf4 gxf4 31.Rg1+ Kf8 32.Qh7 Ke7 33.Bxf7 Rh8 34.Qg6 Qxd4 35.Qe6+ Kd8  0-1

[Event "TCh-BEL 2001-2"]
[Site "Belgium BEL"]
[Date "2001.10.14"]
[Round "1"]
[White "Wemmers,X"]
[Black "Kohlweyer,B"]
[Result "1/2-1/2"]
[WhiteElo "2270"]
[BlackElo "2453"]

1.e4 c5 2.Nf3 d6 3.d4 cxd4 4.Nxd4 Nf6 5.Nc3 a6 6.Be3 e6 7.f3 b5 8.Qd2 Nbd7
9.O-O-O Bb7 10.g4 Rc8 11.g5 Nh5 12.Nce2 Ne5 13.Ng3 Nxg3 14.hxg3 Nxf3 15.Nxf3 Bxe4
16.Bg2 Rxc2+ 17.Qxc2 Bxc2 18.Kxc2 d5 19.Kb1 Qb8 20.Rc1 Qxg3 21.Rc8+ Kd7 22.Rhc1 Bd6
23.Rxh8 Qxg2 24.Ra8 e5 25.Ra7+ Ke6 26.Rxa6 d4 27.Bxd4 exd4 28.Nxd4+ Ke5 29.Nxb5 Bb4
30.a3 Qe4+ 31.Ka1 Bd2 32.Rc5+ Kf4 33.Rac6 Qh1+ 34.Ka2 Kg4 35.Nd6 Bxg5 36.Nxf7 Bf6
37.Nd6 Qg2 38.Rb6 Qe2 39.Rb4+ Kh3 40.Ne4 Kg2 41.Nxf6 gxf6 42.Rc3 f5 43.a4 Qe6+
44.Rbb3 f4 45.a5 h5  1/2-1/2

[Event "Lasker Autumn IM"]
[Site "Bucharest ROM"]
[Date "2001.10.15"]
[Round "3"]
[White "Voicu,C"]
[Black "Barnaure,V"]
[Result "1-0"]
[WhiteElo "2205"]
[BlackElo "2167"]

1.e4 c5 2.Nf3 d6 3.d4 Nf6 4.Nc3 cxd4 5.Nxd4 a6 6.Be3 e5 7.Nb3 Be6 8.Qd2 Nbd7
9.f3 h5 10.a4 Be7 11.Be2 Rc8 12.O-O h4 13.Rad1 Qc7 14.f4 Nb6 15.a5 Nc4 16.Bxc4 Bxc4
17.Bb6 Qc6 18.Rfe1 O-O 19.Nc1 Nd7 20.Bf2 exf4 21.Qxf4 Ne5 22.N1e2 Ng6 23.Qd2 Be6
24.Nd4 Qd7 25.Nf3 Qc7 26.Bb6 Qc4 27.Nd4 Bf6 28.Nf5 Bxf5 29.exf5 Bxc3 30.bxc3 Nf4
31.Bd4 Nd5 32.Bxg7 Kxg7 33.Qg5+ Kh7 34.Qh5+ Kg7 35.Qg5+ Kh7 36.Rd4 Qxd4+
37.cxd4 Rg8 38.Qxh4+ Kg7 39.Qg5+ Kh7 40.Qh5+ Kg7 41.f6+  1-0

[Event "ULIM Cup"]
[Site "Kishnev MDA"]
[Date "2001.10.15"]
[Round "9"]
[White "Mutu,V"]
[Black "Solcanean,S"]
[Result "0-1"]
[WhiteElo "2114"]
[BlackElo "2236"]

1.e4 c5 2.Nf3 d6 3.d4 cxd4 4.Nxd4 Nf6 5.Nc3 a6 6.Be3 e6 7.g4 e5 8.Nf5 g6
9.g5 gxf5 10.exf5 Bxf5 11.gxf6 Be6 12.Nd5 Qa5+ 13.Nc3 d5 14.Bd2 d4 15.Ne4 Qb6
16.Rg1 Nd7 17.a4 O-O-O 18.Rb1 Bd5 19.Bd3 Nc5 20.Nxc5 Bxc5 21.b4 Bd6 22.a5 Qc7
23.Qg4+ Kb8 24.f3 h5 25.Qg2 Qc6 26.Kf2 Bc4 27.Be4 Qb5 28.Qg5 d3 29.c3 Bc7
30.Qf5 Qa4 31.Rgd1 Bb3 32.Ra1 Qb5 33.Rdb1 Be6 34.Qg5 h4 35.Qe3 h3 36.Qc5 Rhg8
37.Rg1 Rxg1 38.Rxg1 Qxc5+ 39.bxc5 Bxa5 40.Ke3 Bd5 41.Bf5 Bc7 42.Rg3 e4 43.Rxh3 exf3
44.Bxd3 a5 45.c4 Bc6 46.Bc3 Ka7 47.Rh4 Re8+ 48.Kf2 a4 49.Rh5 Bf4 50.Bd4 Rd8
51.Be3 Bxe3+ 52.Kxe3 Ka6 53.Rh7 a3 54.Bb1 Rf8 55.h4 Ka5 56.h5 Re8+ 57.Kf2 a2
58.Bxa2 Re2+ 59.Kf1 Rxa2 60.Rxf7 Be4 61.Rd7 Bf5 62.Rd1 Bh3+ 63.Kg1 f2+ 64.Kh1 f1=Q+
65.Rxf1 Bxf1 66.Kg1 Kb4  0-1

[Event "5th Itau Cup"]
[Site "Sao Paulo BRA"]
[Date "2001.10.17"]
[Round "5"]
[White "Crosa,M"]
[Black "Martinez,CA"]
[Result "0-1"]
[WhiteElo "2308"]
[BlackElo "2405"]

1.e4 c5 2.Nf3 d6 3.d4 cxd4 4.Nxd4 Nf6 5.Nc3 a6 6.Be3 Ng4 7.Bg5 h6 8.Bh4 g5
9.Bg3 Bg7 10.Bc4 h5 11.h4 gxh4 12.Bxh4 Nc6 13.Nde2 Bd7 14.Bb3 Rc8 15.Qd2 Nce5
16.f3 Nf6 17.Bxf6 Bxf6 18.Nd5 Bg7 19.Qg5 Ng6 20.Rxh5 Rxh5 21.Qxh5 Bxb2 22.Rb1 Bg7
23.Nef4 Ne5 24.Qh7 Bf8 25.Nh5 b5 26.Qg8 Bc6 27.Rd1 Bxd5 28.exd5 Qb6 29.Ke2 Kd7
30.f4 Nc4 31.Rd3 Qg1 32.Kf3 Qf1+ 33.Kg3 Qe1+ 34.Kh2 Ne3 35.Qg5 f5 36.Rxe3 Qxe3
37.Qxf5+ Kc7 38.c4 b4 39.Qf7 Bh6 40.c5 Rf8 41.cxd6+ Kb6 42.d7 Kc7 43.d6+ Kxd7
44.Ba4+ Kxd6 45.Qg6+ Rf6 46.Nxf6 Qxf4+ 47.Qg3 exf6 48.Qxf4+ Bxf4+ 49.g3 Bg5
50.Kg2 Ke5 51.Kf3 Kd4 52.g4 a5  0-1

[Event "YM"]
[Site "Zug SUI"]
[Date "2001.10.17"]
[Round "9"]
[White "Medvegy,Z"]
[Black "Fressinet,L"]
[Result "1/2-1/2"]
[WhiteElo "2487"]
[BlackElo "2588"]

1.e4 c5 2.Nf3 d6 3.d4 cxd4 4.Nxd4 Nf6 5.Nc3 a6 6.Be3 e5 7.Nf3 Be7 8.Bc4 O-O
9.Bg5 Be6 10.Bxf6 Bxf6 11.Bb3 Nc6 12.O-O Na5 13.Qd3 Rc8 14.Rfd1 Nxb3 15.cxb3 Rc6
16.Nd5 Bg5 17.Nxg5 Qxg5 18.Qg3 Qxg3 19.hxg3 Rc2 20.Ne7+ Kh8 21.Rxd6 Rxb2
22.Rb6 Rd8 23.Rxb7 h6 24.Nd5 f5 25.Ne3 f4 26.gxf4 exf4 27.Nd5 Bxd5 28.exd5 Rxd5
29.Rf7 Rdd2  1/2-1/2

[Event "YM"]
[Site "Zug SUI"]
[Date "2001.10.18"]
[Round "10"]
[White "Fressinet,L"]
[Black "Pelletier,Y"]
[Result "1/2-1/2"]
[WhiteElo "2588"]
[BlackElo "2545"]

1.e4 c5 2.Nf3 d6 3.d4 cxd4 4.Nxd4 Nf6 5.Nc3 a6 6.Be3 e6 7.g4 e5 8.Nf5 g6
9.g5 gxf5 10.exf5 d5 11.Qf3 d4 12.O-O-O Nbd7 13.Bd2 Qa5 14.Bc4 dxc3 15.Bxc3 Bb4
16.gxf6 Bxc3 17.Bxf7+ Kxf7 18.Qh5+ Kxf6 19.Qh6+ Kf7 20.Qe6+ Kf8 21.Qd6+ Ke8
22.Qe6+ Kf8 23.Qd6+  1/2-1/2

[Event "YM"]
[Site "Zug SUI"]
[Date "2001.10.18"]
[Round "10"]
[White "Jenni,F"]
[Black "Forster,R"]
[Result "1/2-1/2"]
[WhiteElo "2487"]
[BlackElo "2462"]

1.e4 c5 2.Nf3 d6 3.d4 cxd4 4.Nxd4 Nf6 5.Nc3 a6 6.Be3 e5 7.Nb3 Be7 8.f3 Be6
9.Qd2 O-O 10.O-O-O Nbd7 11.g4 Qc7 12.g5 Nh5 13.Kb1 Rfc8 14.Qf2 b5 15.Nd5 Bxd5
16.Rxd5 Rcb8 17.h4 Nb6 18.Bxb6 Rxb6  1/2-1/2

[Event "YM"]
[Site "Zug SUI"]
[Date "2001.10.19"]
[Round "11"]
[White "Medvegy,Z"]
[Black "Kempinski,R"]
[Result "1/2-1/2"]
[WhiteElo "2487"]
[BlackElo "2586"]

1.e4 c5 2.Nf3 d6 3.d4 cxd4 4.Nxd4 Nf6 5.Nc3 a6 6.Be3 Ng4 7.Bg5 h6 8.Bh4 g5
9.Bg3 Bg7 10.Be2 h5 11.Nf5 Bxf5 12.exf5 Nf6 13.h4 g4 14.O-O  1/2-1/2

[Event "Lasker Autumn GM"]
[Site "Bucharest ROM"]
[Date "2001.10.20"]
[Round "8"]
[White "Parligras,M"]
[Black "Szabo,G ROM"]
[Result "1-0"]
[WhiteElo "2431"]
[BlackElo "2409"]

1.e4 c5 2.Nf3 d6 3.d4 cxd4 4.Nxd4 Nf6 5.Nc3 a6 6.Be3 e5 7.Nb3 Be6 8.Be2 Nc6
9.O-O d5 10.exd5 Nxd5 11.Nxd5 Qxd5 12.Qe1 Nb4 13.c4 Qe4 14.Rd1 Nc2 15.Qa5 Nxe3
16.Bf3 Nxc4 17.Qc7 Bd6 18.Rxd6 Qf5 19.Bxb7 O-O 20.Rxa6 Rxa6 21.Bxa6 Nxb2
22.Qc3 Ra8 23.Qc6 Rd8 24.Qc3 Ra8 25.Bb7 Rxa2 26.Nc1  1-0

[Event "TCh-CZE 2001-2"]
[Site "CZE"]
[Date "2001.10.20"]
[Round "1"]
[White "Stocek,J"]
[Black "Ftacnik,L"]
[Result "1/2-1/2"]
[WhiteElo "2545"]
[BlackElo "2574"]

1.e4 c5 2.Nf3 d6 3.d4 cxd4 4.Nxd4 Nf6 5.Nc3 a6 6.Be3 e5 7.Nb3 Be6 8.f3 Be7
9.Qd2 O-O 10.O-O-O Qc7 11.Kb1 Rc8 12.g4 Nbd7 13.g5 Nh5 14.Qf2 b5 15.h4 Rcb8
16.f4 exf4 17.Bxf4 Nxf4 18.Qxf4 Ne5 19.Nd4 Re8 20.h5 Bg4 21.Be2 Bxe2 22.Ndxe2 Rac8
23.Nd4 Qd8 24.g6 Rxc3 25.bxc3 Bg5 26.Qf5 fxg6 27.hxg6 hxg6 28.Qh3 Bh6 29.Qg3 Qg5
30.Qxg5 Bxg5 31.Kb2 Nc4+ 32.Kb3 Nd2+ 33.Kb4 Nxe4 34.Rhe1 d5 35.Nc6 Bh4 36.Re2 Bf6
37.Rxd5 Bxc3+ 38.Ka3 Bf6 39.Rd3 Rc8 40.Rxe4 Rxc6 41.Kb3 g5 42.c4 bxc4+ 43.Rxc4 Re6
44.a4 Kh7 45.Kc2 Kg6 46.Kd2 Be5 47.Ke2 Kf5 48.Re3 g4 49.Rce4 g5 50.Kf1 Re7
51.Kg2 Re6 52.Re1 Re7 53.R4e2 Re6 54.Rf1+ Bf4 55.Rxe6 Kxe6 56.Rb1 Kd5 57.Rb6 Kc5
58.Rxa6 Kb4 59.Ra7 Kb3 60.Ra6  1/2-1/2

[Event "WYG18"]
[Site "Oropesa del Mar ESP"]
[Date "2001.10.21"]
[Round "1"]
[White "Kavitha,J"]
[Black "Zhao Dindin"]
[Result "0-1"]
[WhiteElo "2038"]
[BlackElo "2220"]

1.e4 c5 2.Nf3 d6 3.d4 cxd4 4.Nxd4 Nf6 5.Nc3 a6 6.Be3 e6 7.f3 b5 8.g4 Nfd7
9.Qd2 Nb6 10.O-O-O Bb7 11.Qf2 N8d7 12.h4 Rc8 13.g5 Rxc3 14.bxc3 Na4 15.Ne2 Qe7
16.Qe1 Ne5 17.Rh3 d5 18.exd5 Qd6 19.Rd4 Bxd5 20.f4 Qa3+ 21.Kd2 Nf3+ 22.Rxf3 Bxf3
23.Rd3 Nb2 24.Rd4 Nc4+ 25.Rxc4 bxc4 26.Nd4 Bd5 27.f5 Bd6 28.fxe6 fxe6 29.Bh3 O-O
30.Nxe6 Re8 31.Nxg7 Be5 32.Ne6 Bxc3+ 33.Ke2 Bxe1  0-1

[Event "WYB18"]
[Site "Oropesa del Mar ESP"]
[Date "2001.10.22"]
[Round "2"]
[White "Paragua,M"]
[Black "Kanep,M"]
[Result "1-0"]
[WhiteElo "2447"]
[BlackElo "2307"]

1.e4 c5 2.Nf3 d6 3.d4 cxd4 4.Nxd4 Nf6 5.Nc3 a6 6.Be3 e6 7.g4 h6 8.f3 b5 9.Qd2 Nbd7
10.h4 Bb7 11.O-O-O b4 12.Na4 Qa5 13.b3 Nc5 14.a3 Nxa4 15.axb4 Qc7 16.bxa4 Nd7
17.Bh3 d5 18.g5 Qc4 19.g6 Bxb4 20.gxf7+ Ke7 21.Bg5+ hxg5 22.Qxg5+ Kd6 23.Qg3+ e5
24.Rd3 Qa2 25.Kd1 Qb1+ 26.Ke2 Qxh1 27.Nf5+ Kc7 28.Rd1 Qxd1+ 29.Kxd1 dxe4
30.Nxg7 Rad8 31.Ne6+ Kb6 32.Nxd8 Rxd8 33.fxe4 Nc5+ 34.Kc1 Nxe4 35.Qxe5 Ba3+
36.Kb1 Bb4 37.Be6 Bc3 38.a5+ Bxa5 39.Bd7 Ka7 40.Qxa5  1-0

[Event "WYG16"]
[Site "Oropesa del Mar ESP"]
[Date "2001.10.22"]
[Round "2"]
[White "Muhren,B"]
[Black "Huang Qian"]
[Result "1/2-1/2"]
[WhiteElo "2115"]
[BlackElo "2275"]

1.e4 c5 2.Nf3 d6 3.d4 cxd4 4.Nxd4 Nf6 5.Nc3 a6 6.Be3 Ng4 7.Bc1 Nf6 8.Be3 e6
9.f4 Be7 10.Qf3 Qc7 11.O-O-O b5 12.g4 b4 13.Nb1 Nxe4 14.Bd3 d5 15.Nd2 Nxd2
16.Rxd2 Bb7 17.g5 Nd7 18.Rf1 g6 19.Qe2 Nc5 20.Nf3 Nxd3+ 21.Qxd3 a5 22.Qd4 Rg8
23.Ne5 a4 24.Kb1 Ra5 25.Qb6 Qxb6 26.Bxb6 Ra6 27.Bd4 f6 28.gxf6 Bxf6 29.Ng4 Be7
30.Nh6 Rf8 31.Bg7 Rc6 32.Bxf8 Bxf8 33.Ng4 Rc4 34.Re2 Bc8 35.Ne5 Rc7 36.Rf3 Bg7
37.Rg3 Bf6 38.c3 Ba6 39.Ree3 Rb7 40.Kc2 b3+ 41.axb3 axb3+ 42.Kd2 Bb5 43.Nf3 Bd7
44.Nd4 Kf7 45.Rg1 Bxd4 46.cxd4 Rb4  1/2-1/2

[Event "WYB16"]
[Site "Oropesa del Mar ESP"]
[Date "2001.10.23"]
[Round "3"]
[White "Zhigalko,A"]
[Black "Contreras Torres,J"]
[Result "1-0"]
[WhiteElo "2369"]
[BlackElo "2248"]

1.e4 c5 2.Nf3 d6 3.d4 cxd4 4.Nxd4 Nf6 5.Nc3 a6 6.Be3 e5 7.Nb3 Be6 8.f3 Be7
9.Qd2 Nbd7 10.g4 Nb6 11.O-O-O Qc7 12.Kb1 Nfd7 13.Nd5 Bxd5 14.exd5 Rc8 15.g5 Nc4
16.Bxc4 Qxc4 17.h4 f6 18.Rdg1 b6 19.Rg4 Qc7 20.Qd3 O-O 21.g6 f5 22.gxh7+ Kh8
23.Rg2 Qc4 24.Qd2 f4 25.Bf2 Nf6 26.Rhg1 Rf7 27.Bxb6 Qxd5 28.Qe2 Qb5 29.Ba5 Qxe2
30.Rxe2 Nxh7 31.Bb4 g5 32.hxg5 Nxg5 33.Bxd6 Nxf3 34.Bxe5+ Nxe5 35.Rxe5  1-0

[Event "XVII Moratalaz Open"]
[Site "Madrid ESP"]
[Date "2001.10.24"]
[Round "6"]
[White "Korneev,O"]
[Black "Herrera,I"]
[Result "1/2-1/2"]
[WhiteElo "2572"]
[BlackElo "2444"]

1.e4 c5 2.Nf3 d6 3.d4 cxd4 4.Nxd4 Nf6 5.Nc3 a6 6.Be3 e6 7.f3 b5 8.Qd2 Nbd7
9.O-O-O Bb7 10.g4 Nb6 11.Qf2 Nfd7 12.Bd3 Rc8 13.Nce2 Na4 14.Kb1 Ndc5 15.Nb3 Qc7
16.Rc1 d5 17.exd5 Bxd5 18.Rhe1 Bd6 19.f4 O-O 20.Bd4 Nxd3 21.cxd3 Qd7 22.Ng3 f6
23.Qe3 Rxc1+ 24.Rxc1 Rc8 25.Rxc8+ Qxc8 26.g5 fxg5 27.fxg5 Qf8 28.Be5 Bxe5
29.Qxe5 Qf3 30.Nc1 Nc5 31.Qb8+ Qf8 32.Qc7 g6 33.Nge2 Nb7 34.Nf4 Qd6 35.Qxd6 Nxd6
36.b4 Kf7 37.Nxd5 exd5 38.Nb3 Ne8 39.Nc5 Nc7 40.Kc2 d4 41.Kd1 Ke7 42.Ke2 Kd6
43.Kf3 Kd5 44.Kg4  1/2-1/2

[Event "WYB14"]
[Site "Oropesa del Mar ESP"]
[Date "2001.10.24"]
[Round "4"]
[White "Mamedov,Rau"]
[Black "Meszaros,Mi"]
[Result "1/2-1/2"]
[WhiteElo "2354"]
[BlackElo "2252"]

1.e4 c5 2.Nf3 d6 3.d4 cxd4 4.Nxd4 Nf6 5.Nc3 a6 6.Be3 e5 7.Nb3 Be6 8.f3 Nc6
9.Qd2 d5 10.exd5 Nxd5 11.Nxd5 Qxd5 12.Qxd5 Bxd5 13.O-O-O O-O-O 14.Bb6 Rd6
15.Bd3 g6 16.Rhe1 Bxb3 17.axb3 Nb4 18.Ba5 Nxd3+ 19.cxd3 Bg7 20.Bc3 Rhd8 21.Kc2 Rc6
22.Kb1 Rcd6 23.f4 Rxd3 24.Rxd3 Rxd3 25.fxe5 Kd8 26.Kc2 Rd5 27.e6 Bxc3 28.exf7 Bb4
29.Re8+ Kd7 30.f8=Q Rd2+ 31.Kc1 Bxf8 32.Rxf8 Rxg2 33.Rf7+ Kc6 34.Rxh7 b5
35.h4 Kc5 36.Kb1 Kb4 37.Ka2 a5 38.h5 gxh5 39.Rxh5 a4 40.Rh4+ Ka5 41.bxa4 bxa4
42.Rf4 Rh2  1/2-1/2

[Event "WYB16"]
[Site "Oropesa del Mar ESP"]
[Date "2001.10.26"]
[Round "6"]
[White "Alcazar Jimenez,V"]
[Black "L'Ami,E"]
[Result "1-0"]
[WhiteElo "2237"]
[BlackElo "2344"]

1.e4 c5 2.Nf3 d6 3.d4 cxd4 4.Nxd4 Nf6 5.Nc3 a6 6.Be3 e5 7.Nb3 Be6 8.f4 Nbd7
9.f5 Bxb3 10.axb3 d5 11.Nxd5 Nxe4 12.Bb5 Nc5 13.b4 Rc8 14.Nb6 axb5 15.Nxc8 Qxc8
16.bxc5 Bxc5 17.Bxc5 Nxc5 18.Qd6 f6 19.O-O Kf7 20.b4 Na6 21.Qd5+ Ke7 22.Rad1 Qc6
23.c3 Nc7 24.Qd3 Rc8 25.Rd2 Ne8 26.Rfd1 Kf8 27.h3 Rc7 28.Rc2 Qb6+ 29.Kh1 Re7
30.Re2 Qc6 31.Re3 Rc7 32.Qd5 Qb6 33.Red3 Re7 34.Qd8 Qf2 35.Rd7 Rxd7 36.Qxd7 e4
37.Qxb5 e3 38.Rd8  1-0

[Event "Chigorin Mem Open"]
[Site "St Petersburg RUS"]
[Date "2001.10.27"]
[Round "2"]
[White "Inarkiev,E"]
[Black "Ayupov,D"]
[Result "1-0"]
[WhiteElo "2491"]
[BlackElo "2374"]

1.e4 c5 2.Nf3 d6 3.d4 cxd4 4.Nxd4 Nf6 5.Nc3 a6 6.Be3 e6 7.f3 b5 8.g4 Nfd7
9.Qd2 Bb7 10.O-O-O Nb6 11.e5 d5 12.Qf2 N8d7 13.f4 Nc4 14.f5 Ndxe5 15.Bxc4 Nxc4
16.fxe6 f6 17.Nf5 g6 18.e7 Bxe7 19.Nxe7 Nxe3 20.Rhe1 Nxd1 21.Qxf6 Kd7 22.Ncxd5 Bxd5
23.Rxd1 Rf8 24.Rxd5+ Ke8 25.Qc6+ Kxe7 26.Qb7+ Kf6 27.g5+ Ke6 28.Rxd8 Rfxd8
29.Qxh7 Kf5 30.h4 Rg8 31.Qd7+ Kf4 32.b3 Kg3 33.Qd4 Rad8 34.Qb4 Rdf8 35.Qd6+ Kxh4
36.Qxa6 Kxg5 37.Qxb5+ Kh4 38.Qc4+ Kh3 39.Qd3+ Kh4 40.Qe4+ Kh3 41.Qe3+ Kh4
42.Qe1+ Kh3 43.Qh1+ Kg3 44.Qg1+ Kh4 45.Qh2+ Kg4 46.Qg2+ Kh4 47.a4 g5 48.a5 g4
49.Qh2+ Kg5 50.b4 Kf5 51.Qg3 Ke6 52.b5 Rf3 53.Qc7 Rff8 54.Qg3 Rf3 55.Qg2 Kd5
56.b6 Kc6 57.Qh1 Kb5 58.Qh5+ Ka6 59.Qd5 Rgf8 60.Qc4+ Kxa5 61.b7 Rf1+ 62.Kb2 R1f4
63.Qc7+ Ka4 64.Qc8 Rb4+ 65.Ka2  1-0

[Event "WYB16"]
[Site "Oropesa del Mar ESP"]
[Date "2001.10.28"]
[Round "7"]
[White "Ekdyshman,M"]
[Black "Zhigalko,A"]
[Result "1/2-1/2"]
[WhiteElo "2281"]
[BlackElo "2369"]

1.e4 c5 2.Nf3 d6 3.d4 cxd4 4.Nxd4 Nf6 5.Nc3 a6 6.Be3 Ng4 7.Bg5 Nc6 8.Be2 Qb6
9.Nd5 Qxd4 10.Qxd4 Nxd4 11.Nc7+ Kd8 12.Nxa8 Nxc2+ 13.Kd2 Nxa1 14.f3 h6 15.Bf4 g5
16.Bg3 Ne5 17.Bxe5 dxe5 18.Rxa1 e6 19.Rc1 Bd6 20.Nb6 Bd7 21.Nxd7 Kxd7 22.Bd3 Bc7
23.Ke2  1/2-1/2

[Event "WYB18"]
[Site "Oropesa del Mar ESP"]
[Date "2001.10.29"]
[Round "8"]
[White "Jakubowski,K"]
[Black "Khismatullin,D"]
[Result "1-0"]
[WhiteElo "2387"]
[BlackElo "2448"]

1.e4 c5 2.Nf3 d6 3.d4 cxd4 4.Nxd4 Nf6 5.Nc3 a6 6.Be3 e6 7.Be2 Be7 8.f4 Qc7
9.O-O Nc6 10.Qe1 O-O 11.Qg3 Nxd4 12.Bxd4 b5 13.a3 Bb7 14.Kh1 Rfd8 15.Rae1 Bc6
16.Bf3 Qb7 17.Nd1 Ne8 18.c3 f6 19.Nf2 e5 20.Be3 Bd7 21.Bg4 a5 22.Qh3 Bxg4
23.Nxg4 Rab8 24.fxe5 dxe5 25.Nxe5 fxe5 26.Qe6+ Kh8 27.Rf7 Qxe4 28.Bf2 Qg6
29.Rxe7 Nf6 30.Bg3 Re8 31.Qxe5 Rxe7 32.Qxb8+ Re8 33.Rxe8+ Nxe8 34.h3 Qc6
35.Qa7 a4 36.Qf7 h6 37.Be5 Kh7 38.Kh2 Qg6 39.Qd7 Nf6 40.Qxb5 Qf5 41.Qe2 Ne4
42.Bb8 h5 43.Qc2 g5 44.Qxa4 g4 45.Qa7+ Kg6 46.Qe3 Qd5 47.h4 Qb7 48.Bf4 Kf5
49.b4 Qc6 50.Bb8 Qc4 51.Qd4 Qc6 52.c4 Qe8 53.Qd5+ Kg6 54.Be5 Kf5 55.Bc7+ Kg6
56.Be5 Kf5 57.Bd6+ Kg6 58.c5 g3+ 59.Bxg3  1-0

[Event "5th OIBM"]
[Site "Bad Wiessee GER"]
[Date "2001.10.30"]
[Round "4"]
[White "Sax,G"]
[Black "Gutman,L"]
[Result "1-0"]
[WhiteElo "2593"]
[BlackElo "2489"]

1.e4 c5 2.Nf3 d6 3.d4 cxd4 4.Nxd4 Nf6 5.Nc3 a6 6.Be3 e5 7.Nb3 Be7 8.f3 Be6
9.Qd2 Qc7 10.O-O-O Nbd7 11.Kb1 Nc5 12.g4 h6 13.h4 O-O-O 14.Qf2 Kb8 15.Be2 g5
16.Nxc5 dxc5 17.Rxd8+ Rxd8 18.hxg5 hxg5 19.Bxg5 Nxg4 20.Qh4 f6 21.Bc1 f5
22.Bg5 Bxg5 23.Qxg5 Rg8 24.Qh4 Ne3 25.Qh6  1-0

[Event "WYB18"]
[Site "Oropesa del Mar ESP"]
[Date "2001.11.01"]
[Round "10"]
[White "Jakubowski,K"]
[Black "Sadykov,R"]
[Result "1/2-1/2"]
[WhiteElo "2387"]
[BlackElo "2290"]

1.e4 c5 2.Nf3 d6 3.d4 cxd4 4.Nxd4 Nf6 5.Nc3 a6 6.Be3 e6 7.Be2 Qc7 8.a3 b5
9.g4 Bb7 10.f3 h6 11.Qd2 Nbd7 12.O-O-O d5 13.exd5 Bxd5 14.h4 b4 15.Nxd5 Nxd5
16.a4 Nc5 17.Bc4 O-O-O 18.Nb3 Nxb3+ 19.cxb3 Kb7 20.Qd4 Ka8 21.Qe4 Bc5 22.Bxc5 Qxc5
23.Kb1 Ka7 24.Rc1 Nf6 25.Qe2 Qb6 26.Bxa6 Nd5 27.Bc4 Qe3 28.Qh2 Nf4 29.Rhe1 Rd2
30.Rxe3 Rxh2 31.Re4 Rd8 32.Ka2 Rdd2 33.Rb1 Ng6 34.h5 Ne7 35.Rf4 f6 36.Bxe6 Nc6
37.Bc4 Nd4 38.Re4 Nc2 39.Re7+ Kb8 40.Re8+ Ka7 41.Re7+ Kb8 42.Re8+ Ka7 43.Re7+  1/2-1/2

[Event "WYB16"]
[Site "Oropesa del Mar ESP"]
[Date "2001.11.01"]
[Round "10"]
[White "Cheparinov,I"]
[Black "Ibarra Jerez,JC"]
[Result "1-0"]
[WhiteElo "2461"]
[BlackElo "2364"]

1.e4 c5 2.Nf3 d6 3.d4 cxd4 4.Nxd4 Nf6 5.Nc3 a6 6.Be3 Ng4 7.Bg5 h6 8.Bh4 g5
9.Bg3 Bg7 10.h3 Ne5 11.Nf5 Bxf5 12.exf5 Nbc6 13.Nd5 e6 14.fxe6 fxe6 15.Ne3 Qa5+
16.c3 d5 17.Be2 d4 18.Nc4 Nxc4 19.Bxc4 O-O 20.O-O dxc3 21.bxc3 Qxc3 22.Rc1 Qf6
23.Qd7 Nd8 24.Bd6 Qf7 25.Qa4 Qe8 26.Qc2 Rf6 27.Be5 Rf8 28.Bxg7 Kxg7 29.Qc3+ Kg8
30.f4 b5 31.Bb3 gxf4 32.Rxf4 Rxf4 33.Qg3+ Kh7 34.Qxf4 Ra7 35.Qe4+ Kg8 36.Rc8 Re7
37.Qd4 Rd7 38.Qf6 Rd6 39.Qxh6 Qd7 40.Qg5+ Kf8 41.Qf6+ Ke8 42.Qh8+ Ke7 43.Rc1 Rd2
44.Qh7+ Kd6 45.Qh4 Nc6 46.Qf4+ Ke7 47.Rxc6 Rxg2+ 48.Kxg2 Qxc6+ 49.Qf3 Qc5
50.h4 a5 51.Qe4 Qd6  1-0

[Event "WYB18"]
[Site "Oropesa del Mar ESP"]
[Date "2001.11.02"]
[Round "11"]
[White "Kovchan,A"]
[Black "Jakubowski,K"]
[Result "1-0"]
[WhiteElo "2504"]
[BlackElo "2387"]

1.e4 c5 2.Nf3 d6 3.d4 cxd4 4.Nxd4 Nf6 5.Nc3 a6 6.Be3 e5 7.Nb3 Be6 8.f3 Nc6
9.Nd5 Bxd5 10.exd5 Ne7 11.c4 g6 12.Be2 Bg7 13.O-O O-O 14.Bf2 Re8 15.Re1 e4
16.Nd4 e3 17.Bxe3 Nexd5 18.Bf2 Nf4 19.Bf1 Qd7 20.Qd2 Ne6 21.Rad1 Nc5 22.b4 Na4
23.a3 Rxe1 24.Rxe1 Re8 25.Rd1 Qc8 26.Qc2 Nb6 27.Nf5 gxf5 28.Bxb6 d5 29.Bf2 dxc4
30.Bxc4 f4 31.Bd3 Qxc2 32.Bxc2 h6 33.Kf1 Bf8 34.Bf5 a5 35.Rd4 axb4 36.axb4 Re5
37.Rxf4 Nd5 38.Rg4+ Bg7 39.Bc8 b6 40.Re4 Rxe4 41.fxe4 Nxb4 42.Bxb6 Be5 43.g3 Nc6
44.Be3 Kg7 45.Bd7 Ne7 46.Ke2 Ng8 47.Bf5 Nf6 48.Kd3 Bb2 49.Bf4 Ba1 50.Bb8 Bb2
51.Kc4 Ba1 52.e5 Ng8 53.Bd6 Bb2 54.Kd5 Bc3 55.Kc6 Bd4 56.Kd7 Bg1 57.Ke8 Bd4
58.g4 h5 59.Bf8+ Kh8 60.Kxf7 Bxe5  1-0

[Event "ch-NR"]
[Site "Novosibirsk RUS"]
[Date "2001.11.16"]
[Round "4"]
[White "Botvinkov,A"]
[Black "Galuzin,G"]
[Result "1-0"]
[WhiteElo "2222"]
[BlackElo "2045"]

1.e4 c5 2.Nf3 d6 3.d4 cxd4 4.Nxd4 Nf6 5.Nc3 a6 6.Be3 b5 7.a3 Bb7 8.Bd3 Nbd7
9.O-O g6 10.Kh1 Bg7 11.f3 O-O 12.Qd2 Re8 13.Rad1 Rc8 14.Qf2 Ne5 15.Nde2 Qc7
16.Bd4 Nc4 17.Bxc4 Qxc4 18.Rd2 Bh6 19.Be3 Bxe3 20.Qxe3 Qc5 21.Qd4 Qxd4 22.Nxd4 Rc4
23.Nb3 Rec8 24.Na5 R4c7 25.Nd1 Ba8 26.Ne3 Nd7 27.Rfd1 Kf8 28.Kg1 Ke8 29.Kf2 h5
30.h4 Ne5 31.Rd4 Nc6 32.Nxc6 Bxc6 33.c3 Rb8 34.Nc2 a5 35.Ra1 Bd7 36.Rd2 Be6
37.Nd4 b4 38.cxb4 axb4 39.a4 Bd7 40.Ke3 e5 41.Ne2 Ke7 42.b3 Be6 43.Rb1 Rc5
44.Rdd1 Rbc8 45.Rdc1 f5 46.Kd2 Kd7 47.Rb2 fxe4 48.fxe4 Rxc1 49.Nxc1 Rc3 50.Nd3 Bxb3
51.a5 Bc4 52.Nxb4 Ra3 53.Rc2 Bb5 54.Ra2 Rg3 55.Kd1 Rb3 56.Nd5 Ba6 57.Ke1 Kd8
58.Kf2 Bd3 59.Ra4 Rb7 60.Ke3  1-0

[Event "5th Open"]
[Site "Halkida GRE"]
[Date "2001.11.18"]
[Round "4"]
[White "Dochev,D"]
[Black "Gurevich,Vl"]
[Result "1/2-1/2"]
[WhiteElo "2387"]
[BlackElo "2482"]

1.e4 c5 2.Nf3 d6 3.d4 cxd4 4.Nxd4 Nf6 5.Nc3 a6 6.Be3 e5 7.Nf3 Be7 8.Bc4 O-O
9.O-O Nc6 10.Qe2 Be6 11.Bb3 Na5 12.Rfd1 Nxb3  1/2-1/2

[Event "American Open"]
[Site "Los Angeles USA"]
[Date "2001.11.25"]
[Round "7"]
[White "Grijalva,R"]
[Black "Anderson,R"]
[Result "1-0"]
[WhiteElo "2110"]
[BlackElo "2268"]

1.e4 c5 2.Nf3 d6 3.d4 cxd4 4.Nxd4 Nf6 5.Nc3 a6 6.Be3 e5 7.Nb3 Be6 8.f3 Be7
9.Qd2 O-O 10.O-O-O Qc7 11.Nd5 Bxd5 12.exd5 Nbd7 13.Kb1 Rfc8 14.g4 Nb6 15.Bxb6 Qxb6
16.g5 Nh5 17.Bd3 g6 18.h4 Bd8 19.Qh2 Qa7 20.Bf1 b5 21.Bh3 Rc4 22.Bg4 Nf4
23.c3 a5 24.Nd2 Rc7 25.Ne4 Qb6 26.h5 b4 27.hxg6 fxg6 28.c4 Raa7 29.Be6+ Kh8
30.Qh6 Rg7 31.Nf6 Bxf6 32.gxf6 Rgf7 33.c5 dxc5 34.Bxf7 Rxf7 35.d6 Qd8 36.d7 c4
37.Rd6 Nh5 38.Rxh5 gxh5 39.Qg5 Rxd7 40.Qxe5 Rxd6 41.f7+ Rf6 42.Qe8+ Kg7 43.Qxd8 Rxf7
44.Qxa5  1-0

[Event "ch-ROM w"]
[Site "Targoviste ROM"]
[Date "2001.11.29"]
[Round "6"]
[White "Ionica,I"]
[Black "Vasiesiu,C"]
[Result "0-1"]
[WhiteElo "2186"]
[BlackElo "2222"]

1.e4 c5 2.Nf3 d6 3.d4 cxd4 4.Nxd4 Nf6 5.Nc3 a6 6.Be3 e6 7.Be2 Be7 8.f4 O-O
9.O-O Qc7 10.Bf3 Nc6 11.a4 Re8 12.Kh1 Na5 13.g4 Nc4 14.Bc1 Bf8 15.g5 Nd7
16.Bg2 b6 17.Rf3 Bb7 18.Rh3 g6 19.b3 Na5 20.Bb2 Nc6 21.Nxc6 Bxc6 22.Ne2 Qb7
23.Ng3 Nc5 24.Qe2 Bg7 25.Bxg7 Kxg7 26.b4 Nxa4 27.Qg4 b5 28.Qh4 Rh8 29.Qh6+ Kg8
30.Rg1 Qe7 31.Rf1 Nb6 32.f5 exf5 33.exf5 Bxg2+ 34.Kxg2 Rc8 35.Rf2 Nc4 36.f6 Qf8
37.Qh4 Ne3+ 38.Kg1 Rc4 39.Ne4 Nf5 40.Qf4 d5 41.Re2 dxe4 42.Rxe4 Rxe4 43.Qxe4 h5
44.Rd3 Qc8 45.Qd5 Qxc2 46.Qd7 Qc1+ 47.Kf2 Qf4+ 48.Ke1 Qxb4+ 49.Rd2 Qh4+ 50.Rf2 Qxg5
51.Qe8+ Kh7 52.Qxf7+ Kh6 53.Rxf5 gxf5  0-1

[Event "Friendship GM"]
[Site "Prerove CZE"]
[Date "2001.12.06"]
[Round "3"]
[White "Stocek,J"]
[Black "Neverov,V"]
[Result "1-0"]
[WhiteElo "2518"]
[BlackElo "2569"]

1.e4 c5 2.Nf3 d6 3.d4 cxd4 4.Nxd4 Nf6 5.Nc3 a6 6.Be3 e5 7.Nb3 Be6 8.f3 Nbd7
9.g4 h6 10.Qd2 b5 11.a4 b4 12.Nd5 Bxd5 13.exd5 Nb6 14.Bxb6 Qxb6 15.O-O-O Be7
16.h4 Nd7 17.Kb1 g5 18.Bd3 gxh4 19.f4 exf4 20.Rde1 f3 21.Rxh4 Ne5 22.Rxh6 Rxh6
23.Qxh6 Nxd3 24.cxd3 f2 25.Rc1 Qb7 26.Qh8+ Bf8 27.Qd4 Qa7 28.Qf4 Bg7 29.Rc2 Qb7
30.Re2+ Be5 31.Qf3 f1=Q+ 32.Qxf1 Qxd5 33.d4 Qxb3 34.dxe5 dxe5 35.Rxe5+ Kf8
36.Qh1 Kg7 37.Rg5+ Kf6 38.Qh6+ Ke7 39.Re5+ Kd7 40.Qd2+ Kc6 41.Qd4  1-0

[Event "Friendship GM"]
[Site "Prerove CZE"]
[Date "2001.12.07"]
[Round "4"]
[White "Kalod,R"]
[Black "Stocek,J"]
[Result "1/2-1/2"]
[WhiteElo "2479"]
[BlackElo "2518"]

1.e4 c5 2.Nf3 d6 3.d4 cxd4 4.Nxd4 Nf6 5.Nc3 a6 6.Be3 e5 7.Nf3 Be7 8.Bc4 O-O
9.O-O Be6 10.Bb3 h6 11.Qd3 b5 12.Rfd1 Nbd7 13.Nd2 Qc7 14.a4 b4 15.Nd5 Nxd5
16.Bxd5 Bxd5 17.Qxd5 Nf6 18.Qd3 d5 19.exd5 Rfd8 20.Qc4 Qb7 21.Qc6 Qc8 22.Nc4 Rxd5
23.Qxc8+ Rxc8 24.b3 Bc5 25.Kf1 Bxe3 26.Nxe3 Rd4 27.Nc4 Rcd8  1/2-1/2